• 首页
  • 本馆介绍
  • 公告通知
  • 最新文献
  • 馆藏检索
  • 电子资源
  • 读者导购
  • 参考咨询
  • 我的图书馆
  • 登录
  • 详细信息显示
  • 放入我的书架
  • 预约/预借图书
  • 作者相关作品
  • 分类相关作品
  • 丛书相关作品
  • 出版社相关作品

书目信息

  • 表格格式
  • 工作单格式
  • 卡片格式
题名:
图书情报工作研究
    
 
作者: 黄晓鹂 主编
分册: 1998  
出版信息: 北京   中国科学技术出版社  1998
页数: 392页
开本: 20cm
丛书名:
单 册:
中图分类: G259.254.2 , G259.256
科图分类: 37.6691
主题词: 图书情报工作--研究--1998
电子资源:
ISBN: 7-5046-2588-4
000 00683nam0 2200229 45
001 0198014728
005 20070729101152.20
010    @a7-5046-2588-4@dCNY50.00
100    @a19980319d1998 m y0chiy0121 ea
101 0  @achi
102    @aCN@b110000
105    @ay z 000yy
200 10 @a图书情报工作研究@Atu shu qing bao gong zuo yan jiu@h1998@f黄晓鹂等主编@Fhuang xiao li deng zhu bian
210    @a北京@c中国科学技术出版社@d1998
215    @a392页@d20cm
606    @a图书情报工作@x研究@z1998
690    @aG259.254.2@v3
690    @aG259.256@v3
692    @a37.6691@v2
701  0 @a黄晓鹂@Ahuang xiao li@4主编
801  0 @aCN@bTSSF@c20070729
905    @a10447@dG259.254.2@e27
    
    图书情报工作研究.1998/黄晓鹂等主编.-北京:中国科学技术出版社,1998
    392页;20cm
    
    
    ISBN 7-5046-2588-4:CNY50.00
    
●
相关链接 在E读中查询图书 在五车中查询图书 在当当中查询图书 在豆瓣中查询图书


正题名:图书情报工作研究     索取号:G259.254.2/27         预约/预借

序号 登录号 条形码 馆藏地/架位号 状态 备注
1 0784945   207849453   第四借阅区/ [索取号:G259.254.2/27] 在馆    
2 0785262   207852625   第一样本阅览室/ [索取号:G259.254.2/27] 在馆    
唐山师范学院图书馆 欢迎您!
大连网信软件有限公司© 版权所有